| 000 | 00737nam a2200217 a 4500 | ||
|---|---|---|---|
| 001 | 2815 | ||
| 005 | 20140414132004.0 | ||
| 008 | 051021s19uu xx 00 eng d | ||
| 020 | _a0-07-572850-8 | ||
| 050 |
_aTR 372.4 _bB35 L.4(ESG) |
||
| 245 |
_aESL supplement guide : _bSRA open court reading, L.4. |
||
| 250 | _arev. ed. | ||
| 260 |
_aColumbus, Ohio : _bSRA/McGraw-Hill, _c2002. |
||
| 300 | _a280 p. ; cm. | ||
| 440 | _aSRA open court reading, purple. | ||
| 500 | _aUnit 1: Risks and consequences-Unit 2: Dreams to job-Unit 3: From Mystery to medicine-Unit 4: Surviving-Unit 5: Communication-Unit 6: Trail of Freedom. | ||
| 526 | _cGrade 4 | ||
| 650 |
_aReading _xStudy and teaching. |
||
| 999 |
_c113141 _d113141 |
||